Normal view
MARC view
- ادبی تنقید اور تجزیہ
Entry Topical Term
001 - CONTROL NUMBER
- control field: 129742
003 - CONTROL NUMBER IDENTIFIER
- control field: NUST
005 - DATE AND TIME OF LATEST TRANSACTION
- control field: 20250712124450.0
008 - FIXED-LENGTH DATA ELEMENTS
- fixed length control field: 250712|| aca||aabn | a|a d
040 ## - CATALOGING SOURCE
- Original cataloging agency: NUST
- Transcribing agency: NUST
150 ## - HEADING--TOPICAL TERM
- Topical term or geographic name entry element: ادبی تنقید اور تجزیہ
670 ## - SOURCE DATA FOUND
- Source citation: Work cat.: (NUST): Hashmi, Tariq 129741, Adab, Alamāt aur Jamāl‑e‑Matn/, 2020.
